Statistics for Sweden Immigration by Country

Click here to take the quiz!

General Stats

  • This quiz has been taken 9,911 times
  • The average score is 13 of 19

Answer Stats

# People Country of Origin % Correct
150,887Finland
97%
41,747Norway
97%
27,658United Kingdom
95%
40,011Denmark
94%
50,863Germany
93%
92,759Poland
85%
172,258Syria
84%
33,288China
82%
35,234India
80%
144,035Iraq
78%
49,948Turkey
78%
77,386Iran
75%
43,991Afghanistan
63%
31,040Romania
57%
68,678Somalia
46%
27,487Lebanon
44%
41,240Thailand
38%
42,300Eritrea
23%
27,996Chile
15%

Score Distribution

Percentile by Number Answered

Percent of People with Each Score

Your Score History

You have not taken this quiz